Ultimate Learning Guide: (Record no. 356047)
[ view plain ]
| 000 -LEADER | |
|---|---|
| fixed length control field | 00343nam a2200109Ia 4500 |
| 008 - FIXED-LENGTH DATA ELEMENTS--GENERAL INFORMATION | |
| fixed length control field | 180305s9999 xx 000 0 und d |
| 020 ## - INTERNATIONAL STANDARD BOOK NUMBER | |
| International Standard Book Number | 9719314907 |
| 100 ## - MAIN ENTRY--PERSONAL NAME | |
| Personal name | Balita, Carlito E. |
| 245 ## - TITLE STATEMENT | |
| Statement of responsibility, etc | Carlito E. Balita |
| Title | Ultimate Learning Guide: |
| Remainder of title | To Nursing Review/ |
| 260 ## - PUBLICATION, DISTRIBUTION, ETC. (IMPRINT) | |
| Place of publication, distribution, etc | Quezon City |
| Name of publisher, distributor, etc | Interworld Communication Inc. |
| Date of publication, distribution, etc | 2005 |
| 300 ## - PHYSICAL DESCRIPTION | |
| Extent | 429 Pages |
| Withdrawn status | Lost status | Damaged status | Home library | Current library | Shelving location | Date acquired | Source of acquisition | Total Checkouts | Full call number | Barcode | Date last seen | Price effective from | Koha item type |
|---|---|---|---|---|---|---|---|---|---|---|---|---|---|
| College Library | College Library | Filipiniana Section | 03/05/2018 | RT 82 .B186 2005 | c21297 | 05/08/2018 | 03/05/2018 | Books |